000 00892nam a2200301Ia 4500
003 OSt
005 20220912145821.0
006 a|||||r|||| 00| 0
007 ta
008 220909b |||||||| |||| 00| 0 eng d
020 _a9781405144292 (hbd)
024 _a82428
037 _b1622, 15/12/2008, New India Book Agency
037 _cTextbook
040 _aCSL
_beng
_cCSL
041 _aeng
082 _aI:(E92Z2), P6 TI
100 _aFinnie Christine Ed.
245 0 _aPlant proteomics
260 _aOxford
_bBlackwell Publishing
_c2006
300 _ap.
_ccm.
500 _aIncludes bibliographical references.; Index 245-253p.
650 _a Plant proteins
650 _a Plant proteomics
650 _aBotany
942 _hI:(E92Z2), P6 TI
_cTB
_2CC
999 _c38935
_d38935